Ekonomická aktivita, materiální situace a adaptace na chudobu vybraných skupin osob bez domova
Kvantitatívny výskum realizovaný Výskumným ústavom práce a sociálnych vecí ČR zameraný na ľudí bez domova, a to medzi ľuďmi prespávajúcimi vonku, v nocľahárniach a v azylových domoch. Pozornosť sa venuje predovšetkým najčastejším zdrojom príjmu, priemernej dennej spotrebe, dlhom a možnostiam naplňov...
Gespeichert in:
| 1. Verfasser: | |
|---|---|
| Weitere Verfasser: | |
| Format: | Buchkapitel |
| Sprache: | Tschechisch |
| Schlagworte: | |
| Tags: |
Keine Tags, Fügen Sie das erste Tag hinzu!
|
MARC
| LEADER | 00000naa a2200000 4500 | ||
|---|---|---|---|
| 001 | 0265150 | ||
| 005 | 20200702092511.9 | ||
| 041 | 0 | |a cze | |
| 044 | |a CZ | ||
| 245 | 1 | 0 | |a Ekonomická aktivita, materiální situace a adaptace na chudobu vybraných skupin osob bez domova |c Petr Holpuch, Olga Nešporová |
| 520 | |a Kvantitatívny výskum realizovaný Výskumným ústavom práce a sociálnych vecí ČR zameraný na ľudí bez domova, a to medzi ľuďmi prespávajúcimi vonku, v nocľahárniach a v azylových domoch. Pozornosť sa venuje predovšetkým najčastejším zdrojom príjmu, priemernej dennej spotrebe, dlhom a možnostiam naplňovať základné životné potreby u ľudí bez domova. Výstupy z výskumu boli zhrnuté v kontexte poznatkov o adaptačných procesoch a reintegrácie ľudí bez domova do spoločnosti. | ||
| 610 | 2 | 0 | |a politika sociálna |
| 610 | 2 | 0 | |a Česko |
| 610 | 2 | 0 | |a problémy spoločenské |
| 610 | 2 | 0 | |a ľudia bez domova |
| 610 | 2 | 0 | |a chudoba |
| 610 | 2 | 0 | |a nerovnosť sociálna |
| 610 | 2 | 0 | |a dôsledky sociálne |
| 610 | 2 | 0 | |a výskum aplikovaný |
| 610 | 2 | 0 | |a výskum kvantitatívny |
| 100 | 1 | |a Holpuch, Petr | |
| 700 | 1 | |a Nešporová, Olga | |